Catálogo
 En Linea

Actas del Cabildo Eclesiastico de Caracas : / (Registro nro. 18597)

Detalles MARC
000 -CABECERA
campo de control de longitud fija 00649nam a2200181u 4500
001 - NÚMERO DE CONTROL
campo de control 000019079
005 - FECHA Y HORA DE LA ÚLTIMA TRANSACCIÓN
campo de control 20200929165920.0
008 - DATOS DE LONGITUD FIJA--INFORMACIÓN GENERAL
campo de control de longitud fija 810211s1963 ve r 000 0 spa
040 ## - FUENTE DE LA CATALOGACIÓN
Centro catalogador/agencia de origen DO-SdBNP
Lengua de catalogación spa
Centro/agencia transcriptor BNPHU
082 ## - NÚMERO DE LA CLASIFICACIÓN DECIMAL DEWEY
Número de clasificación xxxx
Número de documento/Ítem xxxx
245 00 - MENCIÓN DE TÍTULO
Título Actas del Cabildo Eclesiastico de Caracas : /
Mención de responsabilidad, etc. compendio cronológico 1771-1808.
260 ## - PUBLICACIÓN, DISTRIBUCIÓN, ETC.
Lugar de publicación, distribución, etc. Caracas :
Nombre del editor, distribuidor, etc. Academia Nacional de la Historia,
Fecha de publicación, distribución, etc. 1963.
300 ## - DESCRIPCIÓN FÍSICA
Extensión v. ;
Dimensiones 22 cm.
490 1# - MENCIÓN DE SERIE
Mención de serie Biblioteca de la academia Nacional de la Historia
Designación de volumen o secuencia 65
500 ## - NOTA GENERAL
Nota general La biblioteca posee el vol. II
590 ## - NOTA LOCAL (RLIN)
Nota local Inventariado, 2019/BT
830 #0 - PUNTO DE ACCESO ADICIONAL DE SERIE-TÍTULO UNIFORME
Título uniforme Biblioteca de la academia Nacional de la Historia
Número de parte o sección de la obra 65
9 (RLIN) 41054
Existencias
Estado de retiro Estado de pérdida Restricciones de uso No para préstamo Código de colección Localización permanente Ubicación/localización actual Ubicación en estantería Fecha de adquisición Número de inventario Total de préstamos Signatura topográfica completa Código de barras Fecha visto por última vez Precio válido a partir de Tipo de ítem Koha
      Excluido de préstamo Monografías: Libros y Folletos General General Depósito 25.05.2010 LF1   xxxx xxxx 19079-10 25.06.2020 25.06.2020 No se presta

Con tecnología Koha